000 00605nam a2200217 a 4500
001 50386
003 BD-RjUL
005 20211209075512.0
008 160824s1954 xx 000 0 eng
035 _a(BD-RjUL)50506
040 _aDLC
_cODaWU
_dBD-RjUL
_dDLC
_beng
041 _aeng
082 _223
_a422
_bBAH 1954
100 1 _aBarfield, Owen
_d1898-1997.
_9150986
245 1 0 _aHistory in English words /
_cOwen Barfield
260 _aLondon :
_bFaber and Faber,
_c1954
300 _a239 p. ;
_c21 cm.
500 _aIncludes index
650 0 _aEnglish language
_xSemantics.
_9132459
942 _2ddc
_cBK
999 _c50386
_d50386